|
|
|
|
| LEADER |
00660pam a22001818a 4500 |
| 001 |
00038287 |
| 005 |
20171026081025.0 |
| 008 |
170515s2007 ||||||Viesd |
| 041 |
0 |
# |
|a Vie
|
| 082 |
1 |
4 |
|a 571.4
|b S312H
|
| 100 |
1 |
# |
|a Trịnh, Hữu Bằng
|
| 245 |
1 |
0 |
|a Sinh học cơ thể động vật
|c Trịnh Hữu Bằng chủ biên, Trần Công Yên
|
| 250 |
# |
# |
|a In lần thứ ba, có sửa chữa, bổ sung
|
| 260 |
# |
# |
|a H.
|b ĐHQG Hà Nội
|c 2007
|
| 300 |
# |
# |
|a 311 tr.
|c 27 cm
|
| 852 |
# |
# |
|b Kho đọc
|j KD.1001321
|
| 910 |
|
|
|d 15/05/2017
|
| 980 |
# |
# |
|a Trung tâm Học liệu Lê Vũ Hùng, Trường Đại học Đồng Tháp
|